Les livres censurés, controversés/interdits depuis le XVIe siècle (1) - Statistiques

Statistiques générales
  • Ce quiz a été pris 56 fois
  • Le résultat moyen est 26 sur 50
Statistiques - réponses
Année Indice Censeur(s) Motif Titre % Correct
1865 L. Carroll Chine (années 30) Dangereux pour les enfants Alice au pays des {merveilles}
96%
1947 A. Frank Liban - Alabama Pro-Juif / Trop négatif Le journal d'{Anne} Frank
96%
1892 A. Conan Doyle URSS Apologie du spiritisme Les aventures de {Sherlock} Holmes
96%
1925 A. Hitler Allemagne 1945-1995 Nazisme Mein {Kampf}
96%
1912 L. Pergaud Controverse en France dans les années 50 Dangereux pour les enfants La {guerre} des boutons
93%
1857 Ch. Baudelaire France - Etat & Eglise Contraire aux bonnes moeurs Les {fleurs} du mal
91%
1821 V. Hugo France - Eglise Anticlérical Notre-Dame-de-{Paris}
91%
1944 J. Genet France - Etat Contraire aux bonnes moeurs Notre-Dame-des-{Fleurs}
91%
1929 E-M Remarque Allemagne nazie Pacifisme A l'ouest, rien de {nouveau}
87%
1857 G. Flaubert France - Justice Contraire aux bonnes moeurs Madame {Bovary}
85%
1949 G. Orwell URSS Contraire aux intérêts de l'Etat {1984}
83%
1945 G. Orwell URSS - Corée-du-Nord Contraire aux intérêts de l'Etat La {ferme} des animaux
83%
1735 J. Swift Angleterre - Editeur Dénonce la société de son époque Les voyages de {Gulliver}
80%
1939 J. Steinbeck Controverse aux Etats-Unis Image trop négative du pays Les {raisins} de la colère
78%
1946 B. Vian France - Etat Contraire aux bonnes moeurs J'irai {cracher} sur vos tombes
76%
1903 J. London Yougoslavie (années 30) Valorise davantage la nature que la civilisation L'appel de la {forêt}
76%
1852 H. Beecher-Stowe Sud des Etats-Unis & Russie Anti-esclavagiste La case de l'oncle {Tom}
74%
1934 H. Miller Etats-Unis Contraire aux bonnes moeurs Tropique du {cancer}
74%
1759 Voltaire France - Eglise Subversif {Candide} ou l'optimisme
72%
1937 J. Steinbeck Controverse aux Etats-Unis Violence et vulgarité Des {souris} et des hommes
70%
1862 V. Hugo France - Etat Dénonce la société de son époque Les {Misérables}
70%
1931 A. Huxley Irlande, Inde et Etats-Unis Contraire aux bonnes moeurs Le {meilleur} des mondes
67%
1859 Ch. Darwin Nombreuses controverses Hérétique et subversif L'origine des {espèces}
63%
1785 Marquis de Sade France - Auteur puis Etat Contraire aux bonnes moeurs Les 120 journées de {Sodome}
59%
1923 F. Salten Interdit dans l'Allemagne nazie Contraire aux intérêts de l'Etat Bambi, l'histoire d'une vie dans les {bois}
57%
1762 J-J Rousseau Parlement de Paris Subversif {Emile} ou de l'éducation
57%
1818 M. Shelley Interdit en Afrique du sud Contraire aux bonnes moeurs Frankenstein ou le {Prométhée} moderne
54%
1928 D.H. Lawrence Etats-Unis / Royaume-Uni et Australie jusque dans les années 60 Contraire aux bonnes moeurs L'amant de lady {Chatterley}
48%
1669 Molière France - Eglise Anticlérical Le {Tartuffe}
46%
1922 J. Joyce Royaume-Uni (années 30) Contraire aux bonnes moeurs {Ulysse}
39%
1887 A. Conan Doyle URSS Apologie du spiritisme Etude en {rouge}
37%
1940 M. Boulgakov URSS Contraire aux bonnes moeurs Le {maître} et Marguerite
35%
1751 D'Alembert & Diderot France - Roi Athéisme L'{Encyclopédie} Antiquités
33%
1552 Rabelais France - Sorbonne Hérésie Le {Quart} livre
33%
1546 Rabelais France - Eglise Hérésie Le {Tiers} livre
30%
1907 G. Apollinaire France - Eglise & Etat Contraire aux bonnes moeurs Les {onze} mille verges
28%
1834 A. de Musset France - Etat Subversif {Lorenzaccio}
26%
1811 F-R de Chateaubriand France - Etat Contraire aux intérêts de l'Etat Itinéraire de Paris à {Jérusalem}
20%
1795 Marquis de Sade France - Etat Contraire aux bonnes moeurs La {philosophie} dans le boudoir
20%
1903 M. Golovinski France - Etat 1990-2010 Antisémite Les {protocoles} des sages de Sion
20%
1928 L. Aragon France - Saisi puis autorisé Contraire aux bonnes moeurs Le con d'{Irène}
17%
1543 Copernic Eglise Hérésie Des révolutions et des {sphères} célestes
9%
1948 N. Mailer Canada Obscénité Les {Nus} et les Morts
9%
1911 G. Apollinaire Turquie Contraire aux bonnes moeurs Les {exploits} d'un jeune Don Juan
7%
1632 Galilée Eglise Hérésie {Dialogue} sur les deux grands systèmes du monde
4%
1797 Marquis de Sade France - Etat Contraire aux bonnes moeurs Juliette ou les {prospérités} du vice
4%
1707 Vauban France - Roi Contraire aux intérêts de l'Etat La {dime} royale
4%
1749 J. Cleland Eglise d'Angleterre Contraire aux bonnes moeurs Mémoire de {Fanny} {Hill}, femme de plaisir
4%
1934 J-Ch Harvey France - Eglise Contraire aux bonnes moeurs Les demi-{civilisés}
2%
1893 O. Wilde Angleterre Homosexualité {Teleny}
2%
Aucun quiz correspondant
Distribution des résultats
% des personnes avec chaque résultat
Percentile par nombre de réponses
Votre historique - résultats
Vous n’avez pas pris ce quiz